| 000 | 00937nam0a2200277 4500 | ||
|---|---|---|---|
| 001 | RU\NLR\bibl\542900 | ||
| 005 | 20260406051440.0 | ||
| 010 |
_a5-94355-146-8 _91500 |
||
| 021 |
_aRU _b2004-37826 _91887 |
||
| 035 | _a(NLR Aleph) 000535131 | ||
| 090 |
_a1377846 _c1377846 |
||
| 100 | _a20040803d2004 |||y0rusy50 ca | ||
| 101 | 1 |
_arus _cbul |
|
| 102 | _aRU | ||
| 105 | _ay ||||||||| | ||
| 200 | 1 |
_aСе человек _eБеседы учителя белого братства _fПетр Дынов _g[Пер. с болг. М. Васильев] |
|
| 210 |
_aМ. _cАмрита-Русь _d2004 |
||
| 215 |
_a221 с. _d20 |
||
| 606 | 0 |
_aВера религиозная _91268905 _3RU\NLR\auth\66204292 |
|
| 686 | _aЭ243.32 | ||
| 700 | 1 |
_4070 _8rus _7ca _aДынов _bП. _gПетр _f1864-1944 _3RU\NLR\auth\776725 _9116674 |
|
| 801 | 0 |
_aRU _bNLR _c20040803 _gPSBO |
|
| 801 | 1 |
_aRU _bNLR _c20040803 |
|
| 942 | _cBOOK | ||
| 980 | _aNB | ||